| 000 | 00810cab a2200241 4500 | ||
|---|---|---|---|
| 001 | WB3040-49 | ||
| 008 | 090401t1994 xxu||||| |||| 00| 0 eng d | ||
| 035 | _a(Sirsi) u75802 | ||
| 041 | _aeng | ||
| 245 | _aInvestment bank in China | ||
| 260 | _c1994 | ||
| 350 | _a0 | ||
| 490 |
_aFinancial Times _v25 October 1994, 1&20(1) |
||
| 520 | _aChina is to have its first international investment bank, set up by Morgan Stanley of the US and the People`s Construction Bank of China, to raise capital abroad to fund economic development. | ||
| 650 | _aCHINA INTERNATIONAL CAPITAL CORPORATION LTD | ||
| 650 | _aCHINA | ||
| 650 | _aCICC | ||
| 650 | _aINVESTMENT BANKING | ||
| 690 | _aPROPERTY-PROPERTY FINANCE AND INVESTMENT | ||
| 690 | _aOVERSEAS-REST OF THE WORLD | ||
| 942 | _n0 | ||
| 948 | _c04/03/1997 | ||
| 999 |
_c47682 _d47682 |
||